Landscape Gardening View: Community Park (Record no. 12066)

000 -LEADER
fixed length control field 00289 a2200121 4500
008 - FIXED-LENGTH DATA ELEMENTS--GENERAL INFORMATION
fixed length control field 240117b ||||| |||| 00| 0 eng d
020 ## - INTERNATIONAL STANDARD BOOK NUMBER
International Standard Book Number 9781965540527
082 ## - DEWEY DECIMAL CLASSIFICATION NUMBER
Classification number 712.6
100 ## - MAIN ENTRY--PERSONAL NAME
Personal name Crescendo
245 ## - TITLE STATEMENT
Title Landscape Gardening View: Community Park
260 ## - PUBLICATION, DISTRIBUTION, ETC. (IMPRINT)
Name of publisher, distributor, etc Crescendo
942 ## - ADDED ENTRY ELEMENTS (KOHA)
Source of classification or shelving scheme
Holdings
Withdrawn status Lost status Source of classification or shelving scheme Damaged status Koha normalized classification for sorting Not for loan Permanent location Current location Date acquired Source of acquisition Cost, normal purchase price Total Checkouts Full call number Barcode Date last seen Date last borrowed Cost, replacement price Price effective from Koha item type
        711_000000000000000   BMS College of Architecture, Design and Planning BMS College of Architecture, Design and Planning 2024-01-17 10 3890.25 1 711 AR-UG3410 2025-11-29 2025-11-14 5557.50 2024-01-17 UG Books
Copyright © 2025, The Librarian, Library and Information Centre, BMSCA D&P, Bengaluru. All Rights Reserved
web counter

Powered by Koha